MyGZULibrary

Criminological and forensic psychology / (Record no. 1902)

MARC details
000 -LEADER
fixed length control field 02655cam a22004697i 4500
001 - CONTROL NUMBER
control field 17703020
003 - CONTROL NUMBER IDENTIFIER
control field GZU
005 - DATE AND TIME OF LATEST TRANSACTION
control field 20201023100635.0
008 - FIXED-LENGTH DATA ELEMENTS--GENERAL INFORMATION
fixed length control field 130418s2014 caua b 001 0 eng d
010 ## - LIBRARY OF CONGRESS CONTROL NUMBER
LC control number 2013938304
015 ## - NATIONAL BIBLIOGRAPHY NUMBER
National bibliography number GBB393394
Source bnb
016 7# - NATIONAL BIBLIOGRAPHIC AGENCY CONTROL NUMBER
Record control number 016516370
Source Uk
020 ## - INTERNATIONAL STANDARD BOOK NUMBER
International Standard Book Number 9781848607002 (hbk.)
020 ## - INTERNATIONAL STANDARD BOOK NUMBER
International Standard Book Number 1848607008 (hbk.)
020 ## - INTERNATIONAL STANDARD BOOK NUMBER
International Standard Book Number 1848607016 (pbk.)
020 ## - INTERNATIONAL STANDARD BOOK NUMBER
International Standard Book Number 9781848607019 (pbk.)
020 ## - INTERNATIONAL STANDARD BOOK NUMBER
Canceled/invalid ISBN 9781446296257 (PDF ebook)
035 ## - SYSTEM CONTROL NUMBER
System control number (OCoLC)ocn869777587
040 ## - CATALOGING SOURCE
Original cataloging agency UKMGB
Language of cataloging eng
Transcribing agency UKMGB
Modifying agency NHA
-- YBM
-- OCLCF
-- DLC
042 ## - AUTHENTICATION CODE
Authentication code lccopycat
050 00 - LIBRARY OF CONGRESS CALL NUMBER
Classification number HV6080
Item number .G36 2014
082 04 - DEWEY DECIMAL CLASSIFICATION NUMBER
Classification number 364.3019
Edition number 23
100 1# - MAIN ENTRY--PERSONAL NAME
Personal name Gavin, Helen,
Relator term author.
245 10 - TITLE STATEMENT
Title Criminological and forensic psychology /
Statement of responsibility, etc. Helen Gavin.
264 #1 - PRODUCTION, PUBLICATION, DISTRIBUTION, MANUFACTURE, AND COPYRIGHT NOTICE
Place of production, publication, distribution, manufacture Los Angeles :
Name of producer, publisher, distributor, manufacturer SAGE,
Date of production, publication, distribution, manufacture, or copyright notice 2014.
300 ## - PHYSICAL DESCRIPTION
Extent xi, 409 pages :
Other physical details illustrations ;
Dimensions 24 cm
336 ## - CONTENT TYPE
Content type term text
Source rdacontent
337 ## - MEDIA TYPE
Media type term unmediated
Source rdamedia
338 ## - CARRIER TYPE
Carrier type term volume
Source rdacarrier
504 ## - BIBLIOGRAPHY, ETC. NOTE
Bibliography, etc. note Includes bibliographical references (pages 367-400) and index.
505 0# - FORMATTED CONTENTS NOTE
Formatted contents note Part 1: Defining criminological and forensic psychology: Defining Forensic Psychology -- Research Methods in Forensic Psychology -- Part 2: Psychological explanations of crime: Theoretical Explanations of Crime -- Who Commits Crime? The Criminal Mind -- Juvenile Criminals -- Part 3: Psychological explanations of specific crime types: The Psychology of Homicide -- The Psychology of Terrorism -- Crimes of a Sexual Nature -- The Psychology of Firesetting -- The Psychology of Theft, Robbery and Burglary -- The Psychology of Economic Crime -- Part 4: Psychology in detection and investigation: Psychology in the Investigation of Crime -- Psychology in the Police Station 1: Victims and Witnesses -- Psychology in the Police Station 2: Investigative Interviews and the Psychology of False Confession -- Part 5: Psychology in the court room -- Psychology in Court 1 -- Psychology in Court 2 - The Defendant's Mind -- Psychology in Court 3 - The Jury -- Part 6: Psychology in prison: Imprisonment and Mental Disorder -- Long Term and Life Imprisonment.
530 ## - ADDITIONAL PHYSICAL FORM AVAILABLE NOTE
Additional physical form available note Also issued online.
650 #0 - SUBJECT ADDED ENTRY--TOPICAL TERM
Topical term or geographic name entry element Criminal psychology
Form subdivision Textbooks.
650 #0 - SUBJECT ADDED ENTRY--TOPICAL TERM
Topical term or geographic name entry element Forensic psychology
Form subdivision Textbooks.
650 #7 - SUBJECT ADDED ENTRY--TOPICAL TERM
Topical term or geographic name entry element Criminal psychology.
Source of heading or term fast
Authority record control number or standard number (OCoLC)fst00883467
650 #7 - SUBJECT ADDED ENTRY--TOPICAL TERM
Topical term or geographic name entry element Forensic psychology.
Source of heading or term fast
Authority record control number or standard number (OCoLC)fst00932009
655 #7 - INDEX TERM--GENRE/FORM
Genre/form data or focus term Textbooks.
Source of term fast
Authority record control number or standard number (OCoLC)fst01423863
906 ## - LOCAL DATA ELEMENT F, LDF (RLIN)
a 7
b cbc
c copycat
d 2
e ncip
f 20
g y-gencatlg
942 ## - ADDED ENTRY ELEMENTS (KOHA)
Source of classification or shelving scheme Library of Congress Classification
Koha item type Books
Classification part 6080
Item part GAV
Call number prefix HV
Call number suffix 2014
Holdings
Withdrawn status Lost status Damaged status Not for loan Collection code Home library Current library Shelving location Date acquired Total Checkouts Full call number Barcode Date last seen Date last checked out Copy number Price effective from Koha item type
        Non-fiction City Campus Library City Campus Library General Stacks 10/23/2020 1 HV6080 GAV 2014 025572 12/02/2021 11/19/2021 c.1 10/23/2020 Books